[Event "Banja Luka"]
[Site "Banja Luka"]
[Date "1987.??.??"]
[Round "2"]
[White "Skembris, Spyridon"]
[Black "Wiedenkeller, Michael"]
[Result "1/2-1/2"]
[WhiteElo "2400"]
[BlackElo "2460"]

1.d4 d5 2.Nf3 Nf6 3.c4 c6 4.Qc2 g6 5.Bf4 Bf5 6.Qb3 Qb6 7.Nbd2 dxc4 8.Nxc4 Qxb3
9.axb3 Nbd7 10.Na5 Nd5 11.Bd2 Rb8 12.Nh4 e6 13.f3 Be7 14.g3 Nb4 15.Kf2 Bc2
16.Rc1 g5 17.Ng2 Bg6 18.h4 f6 19.Rc4 Na6 20.e4 c5 21.Be3 Bd8 22.Ra4 cxd4
23.Bxd4 Nac5 24.Ra3 Bxa5 25.Bxc5 Nxc5 26.Rxa5 Nxb3 27.Rxa7 Ke7 28.Bc4 Nd4
29.Rd1 Nc6 30.Ra3 Rhd8 31.Rad3 Rxd3 32.Bxd3 Rd8 33.Ke3 Ne5 34.Rd2 Bh5 35.hxg5 Rxd3+
36.Rxd3 Nxd3 37.gxf6+ Kxf6 38.Kxd3 Bxf3 39.Ne3 e5 40.Nc4 Bg2 41.Ne3 Bf3 42.Nc4 b5
43.Nd6 Bg2 44.Ke3 b4 45.Nc4 h5 46.Na5 Kg5 47.Nc6 Kg4 48.Kf2 Bxe4 49.Nxe5+ Kf5
50.Nc4 Bd3 51.Nd2 Ke5 52.Ke3 Bg6 53.Nf3+ Kd5 54.Nd2 Ke5 55.Nf3+  1/2-1/2

[Event "Debrecen"]
[Site "Debrecen"]
[Date "1987.??.??"]
[Round "4"]
[White "Horvath, Csaba"]
[Black "Meduna, Eduard"]
[Result "0-1"]
[WhiteElo "2425"]
[BlackElo "2515"]

1.d4 Nf6 2.c4 c6 3.Nf3 d5 4.Qc2 Bg4 5.Ne5 e6 6.Nxg4 Nxg4 7.Nd2 Nd7 8.e3 f5
9.Bd3 Bd6 10.Nf3 O-O 11.O-O Ngf6 12.b3 Ne4 13.Bb2 Qf6 14.Nd2 Qh6 15.g3 Ndf6
16.Be2 Rf7 17.Rae1 Raf8 18.Bc1 g5 19.Nxe4 fxe4 20.f3 Qh3 21.Bd1 Bb4 22.Bd2 Ba3
23.Bc3 exf3 24.Bxf3 Ne4 25.Bg2 Rxf1+ 26.Rxf1 Rxf1+ 27.Bxf1 Qf5 28.Be1 Nxg3
29.Bd3 Ne4 30.Bxe4 Qxe4 31.Qxe4 dxe4 32.b4 Kf7 33.Bc3 Kg6 34.Kf2 Kh5 35.Bd2 Kg4
36.Kg2 h5 37.h3+ Kf5 38.Kf2 Bb2 39.a4 a6 40.a5 Ba1 41.Kg2 h4  0-1

[Event "Dortmund (Women)"]
[Site "Dortmund"]
[Date "1987.??.??"]
[Round "6"]
[White "Muresan, Margareta"]
[Black "Gadau, R."]
[Result "1-0"]
[WhiteElo "2310"]
[BlackElo "2095"]

1.d4 d5 2.c4 c6 3.Nf3 Nf6 4.Qc2 e6 5.g3 Be7 6.Bg2 O-O 7.O-O Ne4 8.Nbd2 f5
9.Ne5 Nd7 10.Nd3 Qe8 11.Nf3 Ndf6 12.Nfe5 Kh8 13.Rb1 a6 14.b4 Nd7 15.a4 Nxe5
16.dxe5 Ng5 17.Be3 b5 18.axb5 axb5 19.cxb5 cxb5 20.Ra1 Bd7 21.Rxa8 Qxa8 22.Qc7 Qe8
23.Ra1 Bd8 24.Qc1 h6 25.Ra8 Qf7 26.Ra7 Qe8 27.h4 Nf7 28.Bf3 Kh7 29.Qc5 Rg8
30.Rb7 Bc6 31.Rxf7 Qxf7 32.Qxc6 g5 33.hxg5 Bxg5 34.Bf4 Rg6  1-0

[Event "HUN-ch op"]
[Site "Eger"]
[Date "1987.??.??"]
[Round "?"]
[White "Brueckner, Thomas"]
[Black "Biro, Sandor"]
[Result "1-0"]
[WhiteElo "2345"]
[BlackElo "2285"]

1.d4 d5 2.Nf3 Nf6 3.c4 c6 4.Qb3 g6 5.Nc3 dxc4 6.Qxc4 Bg7 7.e4 O-O 8.Be2 b5
9.Qb3 a5 10.e5 a4 11.Qd1 Nd5 12.O-O Na6 13.Nxd5 Qxd5 14.Be3 f6 15.exf6 exf6
16.Ne1 Be6 17.Nd3 Bf7 18.Qd2 Rfd8 19.Rfc1 Rac8 20.Qa5 Nb8 21.Bf3 Qf5 22.Nb4 Bc4
23.Nxc6 Nxc6 24.Bxc6 Bf8 25.b3 axb3 26.axb3 Bxb3 27.Qxb5 Qe6 28.Bf3 Bc4 29.Qa5 Be7
30.g3 h5 31.d5 Qf5 32.Bg2 h4 33.d6 Rxd6 34.Qxf5 gxf5 35.Bf4 Rdd8 36.gxh4 Rd4
37.Be3 Rxh4 38.f4 Rg4 39.Ra4 Rxg2+ 40.Kxg2 Bd5+ 41.Kf2 Rb8 42.Bd4 Rb5 43.Rc8+ Kf7  1-0

[Event "Granma zt"]
[Site "Granma"]
[Date "1987.??.??"]
[Round "?"]
[White "Nogueiras, Jesus"]
[Black "Arencibia, Walter"]
[Result "0-1"]
[WhiteElo "2565"]
[BlackElo "2420"]

1.Nf3 d5 2.d4 Nf6 3.c4 c6 4.Qc2 g6 5.Bf4 dxc4 6.Qxc4 Bg7 7.Nc3 O-O 8.e4 b5
9.Qd3 Qa5 10.Bd2 b4 11.Nd1 c5 12.e5 Nd5 13.Qe4 cxd4 14.Nxd4 Bb7 15.Bc4 e6
16.Nf3 Qc7 17.Rc1 Nb6 18.Qe2 Bxf3 19.gxf3 Qxe5 20.Bxb4 Rc8 21.Bc3 Qxe2+ 22.Bxe2 N8d7
23.Kd2 Nd5 24.Ba6 Rd8 25.Ba5 N7b6 26.Ke1 Rd6 27.b3 Bh6 28.Rc2 Rad8 29.Nb2 Nf4
30.Bb7 Bg7 31.Bd2 Rxd2 32.Rxd2 Bc3  0-1

[Event "Halle-B"]
[Site "Halle"]
[Date "1987.??.??"]
[Round "6"]
[White "Liebert, Heinz"]
[Black "Kuba, Stanislav"]
[Result "1-0"]
[WhiteElo "2400"]
[BlackElo "2380"]

1.c4 Nf6 2.Nf3 c6 3.d4 d5 4.Qc2 e6 5.g3 Nbd7 6.Bg2 Be7 7.O-O O-O 8.Nbd2 b5
9.b3 Rb8 10.c5 b4 11.a3 bxa3 12.Rxa3 Qc7 13.Bb2 e5 14.Rfa1 a6 15.e3 e4 16.Ne1 Ra8
17.f3 exf3 18.Nexf3 Re8 19.b4 Bf8 20.Bf1 g6 21.Re1 Bh6 22.b5 cxb5 23.Bxb5 Rb8
24.Bf1 Bb7 25.Bh3 Re7 26.Nf1 Rbe8 27.Bc1 Nb8 28.Ne5 Nfd7 29.Nxd7 Nxd7 30.Qa4 Nb8
31.Qa5 Qc6 32.Rb3 Qf6 33.Rb6 Qf3 34.Qa4 Qh5 35.Rxb7 Qxh3 36.Rxe7 Rxe7 37.Qb3 Nd7
38.Qxd5 Nf6 39.Qa8+ Re8 40.Qxa6 Ne4 41.Qc6 Kf8 42.Nd2 Nc3 43.Nf3 Qh5 44.Kg2 Re6
45.Qa8+ Kg7 46.Bb2 Nd5 47.e4 Rf6 48.Qa3 Nf4+ 49.gxf4 Rxf4 50.d5+ Kg8 51.h3 g5
52.Qc3  1-0

[Event "URS-FL"]
[Site "Kursk"]
[Date "1987.??.??"]
[Round "?"]
[White "Melnikov, A."]
[Black "Sorokin, Maxim"]
[Result "1/2-1/2"]
[WhiteElo "2335"]
[BlackElo "2380"]

1.d4 d5 2.c4 c6 3.Nf3 Nf6 4.Qc2 g6 5.Bf4 Qa5+ 6.Nbd2 c5 7.cxd5 Nxd5 8.Be5 f6
9.Bxb8 Rxb8 10.e4 Nb4 11.Qc3 cxd4 12.Nxd4 Nc6 13.Qxa5 Nxa5 14.Bb5+  1/2-1/2

[Event "URS-FL"]
[Site "Kursk"]
[Date "1987.??.??"]
[Round "?"]
[White "Melnikov, A."]
[Black "Shabanov, Yuri"]
[Result "1/2-1/2"]
[WhiteElo "2335"]
[BlackElo "2410"]

1.d4 d5 2.c4 c6 3.Nf3 Nf6 4.Qc2 Bg4 5.Ne5 Bh5 6.cxd5 Nxd5 7.a3 Nd7 8.e4 N5b6
9.Nxd7 Qxd7 10.Be3 e6 11.Nc3 Be7 12.Be2 Bg6 13.Qb3 O-O 14.O-O f5 15.d5 fxe4
16.dxc6 bxc6 17.Bxb6 axb6 18.Rad1 Bd6 19.Qxb6 Qc7 20.Qxc7 Bxc7 21.Bc4 Bf5
22.Ne2 Be5 23.Nd4 Kh8 24.Bxe6  1/2-1/2

[Event "URS-FL"]
[Site "Lvov"]
[Date "1987.??.??"]
[Round "?"]
[White "Romanishin, Oleg M"]
[Black "Vyzmanavin, Alexey"]
[Result "1/2-1/2"]
[WhiteElo "2555"]
[BlackElo "2480"]

1.Nf3 d5 2.d4 Nf6 3.c4 c6 4.Qb3 e6 5.g3 Ne4 6.Bg2 Bd6 7.Nc3 f5 8.O-O Nd7
9.c5 Be7 10.Bf4 O-O 11.Nxe4 fxe4 12.Ne5 Nxe5 13.Bxe5 b6 14.cxb6 axb6 15.f3 exf3
16.exf3 c5 17.f4 Bd7 18.a3 cxd4 19.Bxd4 Bc5 20.Qe3 Qf6 21.Rad1 Ra4 22.Bxc5 bxc5
23.f5 Rd4 24.Rc1 e5 25.Rxc5 e4 26.Qc3 h5 27.b4 Rb8 28.Rc7 Bb5 29.Re1 Re8
30.Rc8 Rxc8 31.Qxc8+ Kh7 32.Qe6 Rd2 33.Qxf6 gxf6 34.Ra1 e3 35.Bf3 Ba4 36.b5 Bxb5
37.a4 Ba6 38.a5 d4 39.Rc1 Rf2 40.Bxh5  1/2-1/2

[Event "Marseille"]
[Site "Marseille"]
[Date "1987.??.??"]
[Round "?"]
[White "Agdestein, Simen"]
[Black "Murrey, Jacob"]
[Result "1/2-1/2"]
[WhiteElo "2565"]
[BlackElo "2505"]

1.d4 d5 2.c4 c6 3.Nf3 Nf6 4.Qc2 g6 5.Bf4 Bg7 6.e3 O-O 7.Nc3 Na6 8.Be2 Nb4
9.Qb3 a5 10.a3 dxc4 11.Bxc4 Nbd5 12.Nxd5 Nxd5 13.Bxd5 Qxd5 14.Qxd5 cxd5 15.Rc1 Bg4
16.Kd2 Rfc8 17.Rxc8+ Rxc8 18.Rc1 Rxc1 19.Kxc1 Bxf3 20.gxf3 Bf8 21.Bc7 a4
22.e4 Bg7 23.Bb6 dxe4 24.fxe4 f5 25.exf5 gxf5 26.Kd2 e5 27.Kc3 Kf7 28.d5 Ke7
29.Bc5+ Kd7 30.Kb4 e4 31.Kxa4 Bxb2 32.Kb5 f4 33.a4 Bc1 34.Kc4 f3 35.Kd4 e3
36.Ke4 exf2 37.Bxf2 Kd6 38.Bg3+ Kc5 39.d6 f2 40.Bxf2+ Kxd6 41.Kd4 Bb2+ 42.Kc4 Kc6
43.Bg3 Bf6 44.Bf4  1/2-1/2

[Event "Moscow-A"]
[Site "Moscow"]
[Date "1987.??.??"]
[Round "?"]
[White "Ionescu, Constantin"]
[Black "Petursson, Margeir"]
[Result "1/2-1/2"]
[WhiteElo "2520"]
[BlackElo "2535"]

1.d4 d5 2.c4 c6 3.Nf3 Nf6 4.Qb3 e6 5.g3 Be7 6.Bg2 O-O 7.O-O Nbd7 8.Rd1 b6
9.Nc3 Bb7 10.cxd5 cxd5 11.Bf4 a6 12.a4 Rc8 13.Rac1 Ne4 14.Ne5 Nxe5 15.Bxe5 Nxc3
16.Rxc3 Rxc3 17.bxc3 Bc6 18.c4 dxc4 19.Qxc4 Bxg2 20.Kxg2 Qa8+ 21.f3 Rc8 22.Qd3 a5
23.d5 Qxd5 24.Qxd5 exd5 25.Rxd5 Rc2 26.Kf2 Bc5+ 27.Bd4 Bxd4+  1/2-1/2

[Event "New York op"]
[Site "New York"]
[Date "1987.??.??"]
[Round "?"]
[White "Fedorowicz, John P"]
[Black "Portisch, Lajos"]
[Result "1-0"]
[WhiteElo "2535"]
[BlackElo "2610"]

1.d4 d5 2.c4 c6 3.Nf3 Nf6 4.Qc2 dxc4 5.Qxc4 Bf5 6.g3 Nbd7 7.Bg2 e6 8.O-O Be7
9.Nc3 O-O 10.e3 Ne4 11.Nd2 Nxd2 12.Bxd2 e5 13.e4 exd4 14.Qxd4 Be6 15.Be3 Nb6
16.Qxd8 Rfxd8 17.b3 Bf6 18.Rac1 Bd4 19.Bxd4 Rxd4 20.Rfd1 Rad8 21.Rxd4 Rxd4
22.Rd1 Rxd1+ 23.Nxd1 Kf8 24.Kf1 a5 25.Nc3 Ke7 26.e5 Nd7 27.f4 f6 28.exf6+ Nxf6
29.Ke2 Kd6 30.Ne4+ Nxe4 31.Bxe4 h6 32.Kd3 b5 33.f5 Bd7 34.g4 Ke5 35.Ke3 b4
36.Bd3 c5 37.Bc2 Bc6 38.Bd3 Bd5 39.h4 a4 40.bxa4 Bxa2 41.a5 Bd5 42.g5 h5
43.a6 b3 44.a7 b2 45.f6 gxf6 46.g6 Ke6 47.Bb1 f5 48.Kf4 Kf6 49.Bxf5  1-0

[Event "New York op"]
[Site "New York"]
[Date "1987.??.??"]
[Round "?"]
[White "Alburt, Lev O"]
[Black "Benko, Pal C"]
[Result "1/2-1/2"]
[WhiteElo "2575"]
[BlackElo "2460"]

1.d4 d5 2.c4 c6 3.Nf3 Nf6 4.Qc2 g6 5.Bf4 Bg7 6.e3 O-O 7.Nc3 Be6 8.Ng5 Bf5
9.Bd3 Bxd3 10.Qxd3 Nbd7 11.cxd5 Nxd5 12.Nxd5 cxd5 13.Nf3 Qa5+ 14.Qd2  1/2-1/2

[Event "NLD-chT"]
[Site "NLD"]
[Date "1987.??.??"]
[Round "?"]
[White "Bartels, Hans A"]
[Black "Bierenbroodspot, Paul"]
[Result "1/2-1/2"]
[WhiteElo "2315"]
[BlackElo "2260"]

1.d4 d5 2.c4 c6 3.Nf3 Nf6 4.Qb3 g6 5.Nc3 Bg7 6.Bf4 dxc4 7.Qxc4 b5 8.Qd3 Ba6
9.b4 Nd5 10.Nxd5 cxd5 11.Rc1 O-O 12.e3 Nd7 13.a4 Rc8 14.Ra1 e5 15.dxe5 Qc7
16.Qd2 Nxe5 17.Nxe5 Bxe5 18.Bxe5 Qxe5 19.Rd1 Rfd8 20.axb5 Bb7 21.Qd4 Qxd4
22.Rxd4 Rc1+ 23.Ke2 Rdc8 24.g3 R8c2+ 25.Kf3 Rb2 26.Bg2 Rcc2 27.Rf1 a5 28.bxa5 Rxb5
29.g4 Rxa5 30.Kg3 Rb5 31.g5 Kg7 32.h4 h6 33.Rfd1 Rc4 34.Bf1 Rxd4 35.Rxd4 Rb3
36.Bg2 Rb5 37.Ra4 hxg5 38.hxg5 f6 39.gxf6+ Kxf6 40.Ra7 Ke5 41.f4+ Kf6 42.Bf3 g5
43.fxg5+ Kxg5  1/2-1/2

[Event "Primorsko op"]
[Site "Primorsko"]
[Date "1987.??.??"]
[Round "1"]
[White "Chilingirova, Pavlina"]
[Black "Nemeth, Maria"]
[Result "1-0"]
[WhiteElo "2245"]
[BlackElo "2065"]

1.Nf3 Nf6 2.c4 c6 3.d4 d5 4.Qc2 Bg4 5.Ne5 dxc4 6.Nxg4 Nxg4 7.Qxc4 e6 8.e4 b5
9.Qd3 Nd7 10.Be2 Qh4 11.Bxg4 Qxg4 12.O-O Be7 13.f3 Qh5 14.a4 a6 15.Be3 O-O
16.Nd2 c5 17.axb5 cxd4 18.Bxd4 Qxb5 19.Qxb5 axb5 20.Rxa8 Rxa8 21.Rc1 Bg5
22.Rc7 Rd8 23.Nb3 e5 24.Bc3 Be3+ 25.Kf1 f6 26.Rb7 Nb6 27.Ke2 Bg1 28.h3 Rd7
29.Rb8+ Kf7 30.Nc1 Ra7 31.Nd3 Ke6 32.Bb4 Kd7 33.Rg8 Kc6 34.Ba3 Nc4 35.Nb4+ Kb6
36.Nd5+ Ka5 37.Bf8 Nxb2 38.Bxg7 b4 39.Bxf6 Bd4 40.Rb8 Rf7 41.Bd8+  1-0

[Event "Reggio Emilia8788-B"]
[Site "Reggio Emilia"]
[Date "1987.??.??"]
[Round "2"]
[White "Belotti, Bruno"]
[Black "Paoli, Enrico"]
[Result "1/2-1/2"]
[WhiteElo "2340"]
[BlackElo "2220"]

1.d4 d5 2.Nf3 Nf6 3.c4 c6 4.Qc2 g6 5.Bf4 Bf5 6.Qb3 Qb6 7.c5 Qxb3 8.axb3 Bxb1
9.Rxb1 Bg7 10.e3 Ne4 11.Bd3 Nd7 12.b4 a6 13.h3 O-O 14.O-O f5 15.Rbd1 h6 16.Rfe1 Rae8
17.Bh2 Kh7 18.Kf1 e5 19.Bc2 Rf7 20.Ng1 Nef6 21.Ne2 e4 22.Bd6 Bf8 23.Bxf8 Nxf8
24.Nc1 Kg7 25.f4 Ne6 26.Rd2 h5 27.h4 Rff8  1/2-1/2

[Event "Rio Hondo"]
[Site "Rio Hondo"]
[Date "1987.??.??"]
[Round "3"]
[White "Cifuentes Parada, Roberto"]
[Black "Gomez Baillo, Jorge H"]
[Result "1/2-1/2"]
[WhiteElo "2490"]
[BlackElo "2425"]

1.d4 c6 2.c4 d5 3.Nf3 Nf6 4.Qc2 g6 5.Bf4 Qa5+ 6.Nbd2 dxc4 7.e4 b5 8.Be2 Bg7
9.O-O Nbd7 10.a4 Qb6 11.b3 cxb3 12.Qxb3 Ba6 13.axb5 Bxb5 14.Bxb5 Qxb5 15.Qc2 c5
16.Rab1 Qc6 17.Rfc1 O-O 18.d5 Qa6 19.h3 e6 20.Ra1 Qc8 21.dxe6 fxe6 22.Bd6 Re8
23.e5 Nd5 24.Ne4 a5 25.Qd2 Qa6 26.h4 Nb4 27.Nxc5 Nxc5 28.Rxc5 Qb6 29.Rac1 Rad8
30.Qe2 Bf8 31.h5 Bxd6 32.exd6 Qxd6 33.hxg6 Nd3 34.gxh7+ Kh8 35.Rc6 Qf4 36.R1c3 Qf5
37.Qe3 Nf4 38.g3 Rd1+ 39.Ne1 Nd5 40.Rc8 Nxe3 41.Rxe8+ Kxh7 42.Rc7+ Kg6 43.Rg8+ Kf6
44.Rf8+ Ke5 45.Rxf5+ Nxf5 46.Kf1 Ra1 47.Ke2 Nd4+ 48.Kd2 Ke4 49.Rf7 Ra2+ 50.Kc3 e5
51.f4 Ra3+ 52.Kd2 Ra2+ 53.Kc3 Ra3+ 54.Kd2 Rxg3 55.fxe5 a4 56.Ra7 a3 57.e6 Nxe6
58.Nc2  1/2-1/2

[Event "Nordic-chT"]
[Site "Slupsk"]
[Date "1987.??.??"]
[Round "1"]
[White "Akesson, Ralf"]
[Black "Kuczynski, Robert"]
[Result "0-1"]
[WhiteElo "2430"]
[BlackElo "2470"]

1.d4 d5 2.c4 c6 3.Nf3 Nf6 4.Qc2 g6 5.Bf4 Bg7 6.e3 O-O 7.Nc3 Qa5 8.Nd2 Na6
9.Be2 Nb4 10.Qd1 Bf5 11.Nb3 Qd8 12.O-O a5 13.Rc1 dxc4 14.Bxc4 Nfd5 15.Nxd5 Nxd5
16.Bg3 Qb6 17.Nc5 Nf6 18.Rc3 Qa7 19.Be2 Rad8 20.Bf3 b6 21.Nd3 c5 22.Ne5 cxd4
23.exd4 Ne4 24.Nc6 Nxc3 25.bxc3 Qc7 26.Nxd8 Rxd8 27.Qb3 Qc6 28.Qb5 Rc8  0-1

[Event "Tatran Cup"]
[Site "Stary Smokovec"]
[Date "1987.??.??"]
[Round "?"]
[White "Priehoda, Vitezslav"]
[Black "Beil, Zdenek"]
[Result "1-0"]
[WhiteElo "2350"]
[BlackElo "2405"]

1.d4 d5 2.c4 c6 3.Nf3 Nf6 4.Qb3 Qb6 5.c5 Qxb3 6.axb3 Bf5 7.Nc3 Nbd7 8.b4 a6
9.h3 Rc8 10.Bf4 h6 11.e3 g5 12.Bh2 Bg7 13.Nd2 O-O 14.Nb3 Ne4 15.Na5 e5 16.f3 Nxc3
17.bxc3 Rc7 18.g4 Bh7 19.O-O-O Re8 20.Bg2 Nf8 21.c4 Rd7 22.cxd5 cxd5 23.dxe5 Bxe5
24.Bxe5 Rxe5 25.f4 gxf4 26.exf4 Re2 27.Rd2 Rxg2 28.Rxg2 Be4 29.Rhg1 Bxg2
30.Rxg2 Ne6 31.Rf2 Kf8 32.Kd2 Ke7 33.h4 Nd4 34.Kd3 Nc6 35.Nxc6+ bxc6 36.Ra2 Ra7
37.h5 f6 38.Kc3 Kd7 39.Kb3 Ra8 40.Rg2 Re8 41.g5 fxg5 42.fxg5 hxg5 43.Rxg5 Re1
44.Rg7+ Ke6 45.Rc7 Rb1+ 46.Kc3 Ke5 47.Rxc6 d4+ 48.Kc4 Rc1+ 49.Kd3 Rc3+ 50.Kd2 Rb3
51.h6 Rxb4 52.Rb6 Ra4 53.Rb2 d3 54.Kxd3 Rh4 55.Rb6 a5 56.Rd6 a4 57.Kc3 a3
58.Kb3 Rh3+ 59.Ka2 Kf5 60.c6 Ke5 61.Rg6 Kf5 62.Rd6 Ke5 63.c7  1-0

[Event "SWE-ch"]
[Site "Stockholm"]
[Date "1987.??.??"]
[Round "?"]
[White "Welin, Thomas"]
[Black "Wiedenkeller, Michael"]
[Result "0-1"]
[WhiteElo "2400"]
[BlackElo "2460"]

1.d4 Nf6 2.Nf3 d5 3.c4 c6 4.Nbd2 g6 5.g3 Bg7 6.Bg2 O-O 7.b3 c5 8.Bb2 cxd4
9.Nxd4 e5 10.Nc2 d4 11.O-O Nc6 12.b4 Bg4 13.h3 Be6 14.a4 Qd7 15.Kh2 Rfd8
16.Ra3 Bf8 17.f4 exf4 18.Rxf4 Nh5 19.Rh4 Nxb4 20.Rxd4 Qc7 21.Nxb4 Rxd4 22.Bxd4 Bxb4
23.Rd3 Rd8 24.Be5 Qa5 25.Nf3 Re8 26.g4 Bxc4 27.gxh5 Bxd3 28.Qxd3 Rxe5 29.Nxe5 Qxe5+
30.Qg3 Qxh5 31.Bf3 Qc5 32.Kg2 b6 33.Qb8+ Kg7 34.Qe8 Qg5+ 35.Kf2 Bc5+ 36.e3 Qh4+
37.Kg2 Bd6 38.Bg4  0-1

[Event "Tbilisi"]
[Site "Tbilisi"]
[Date "1987.??.??"]
[Round "?"]
[White "Drasko, Milan"]
[Black "Shabanov, Yuri"]
[Result "1/2-1/2"]
[WhiteElo "2465"]
[BlackElo "2410"]

1.Nf3 Nf6 2.c4 c6 3.d4 d5 4.Qc2 Bg4 5.Ne5 Bh5 6.cxd5 Nxd5 7.a3 Nb6 8.Qe4 N8d7
9.Nc3 e6 10.e3 Bd6 11.g4 Bg6 12.Nxg6 hxg6 13.h3 Nf6 14.Qf3 e5 15.g5 exd4
16.gxf6 dxc3 17.fxg7 Rg8 18.bxc3 Be5 19.Bd2 Qe7 20.a4 a5 21.e4 Qc5 22.h4 Rxg7
23.h5 O-O-O 24.h6 Rh7 25.Rh3 Kb8 26.Qe2 g5 27.Ra2 Rd6 28.Qe3 Qxe3+ 29.Bxe3 g4
30.Rh5 Nd7 31.Bd2 Rg6 32.Rb2  1/2-1/2

[Event "Tbilisi"]
[Site "Tbilisi"]
[Date "1987.??.??"]
[Round "?"]
[White "Neverov, Valeriy"]
[Black "Gurgenidze, Bukhuti"]
[Result "1-0"]
[WhiteElo "2440"]
[BlackElo "2395"]

1.d4 d5 2.c4 dxc4 3.Nf3 c6 4.a4 e6 5.e3 b5 6.axb5 cxb5 7.b3 Bb4+ 8.Bd2 Bxd2+
9.Nbxd2 a5 10.bxc4 b4 11.c5 Ne7 12.Bb5+ Bd7 13.Qa4 O-O 14.Ne5 Bxb5 15.Qxb5 Qc7
16.Ndc4 Nbc6 17.Qb6 Qc8 18.Nxc6 Nxc6 19.Qb5 Qa6 20.Qxa6 Rxa6 21.Ra4 Rd8 22.Ke2 Kf8
23.Rha1 Rb8 24.Kd3 Ke8 25.e4 b3 26.Rb1 Ke7 27.Nb6 f5 28.exf5 Nb4+ 29.Kc4 Nd5
30.Nxd5+ exd5+ 31.Kxd5 Kd7 32.Kc4 b2 33.Ra2 a4 34.Raxb2 Rxb2 35.Rxb2 a3 36.Ra2 Ra4+
37.Kb3 Rxd4 38.Kxa3 Rg4 39.g3  1-0

[Event "Tel Aviv"]
[Site "Tel Aviv"]
[Date "1987.??.??"]
[Round "?"]
[White "Stangl, Markus"]
[Black "Kaganski, Mihail"]
[Result "1/2-1/2"]
[WhiteElo "2405"]
[BlackElo "2285"]

1.Nf3 Nf6 2.c4 c6 3.d4 d5 4.Qb3 dxc4 5.Qxc4 Be6 6.Qc2 Qa5+ 7.Nc3 Bf5 8.Qb3 Qb6
9.Qxb6 axb6 10.Nd2 Na6 11.e4 Be6 12.Bd3 Nb4 13.Bb1 g6 14.b3 Bh6 15.Bb2 Rd8
16.Ne2 b5 17.Nf3 Bg4 18.Ne5 Bxe2 19.Kxe2 Nd7 20.Nf3 Bg7 21.a4 bxa4 22.Rxa4 Na6
23.Ba3 e5 24.Bd3 exd4 25.Bxa6 bxa6 26.Rd1 c5 27.Rxa6 O-O 28.Rc1 Rb8 29.Nd2 Bh6
30.Bxc5 Bxd2 31.Kxd2 Nxc5 32.Rxc5 Rxb3 33.Rac6 Ra8 34.Rc8+ Rxc8 35.Rxc8+ Kg7
36.Rc4 Rb2+  1/2-1/2

[Event "Tel Aviv"]
[Site "Tel Aviv"]
[Date "1987.??.??"]
[Round "?"]
[White "De Boer, Gert Jan"]
[Black "Gradstein, Mark"]
[Result "1/2-1/2"]
[WhiteElo "2410"]
[BlackElo "2290"]

1.d4 Nf6 2.Nf3 d5 3.c4 c6 4.Qc2 g6 5.Bf4 Bg7 6.e3 O-O 7.Nc3 a6 8.Be2 b5 9.c5 Bf5
10.Bd3 Bxd3 11.Qxd3 Nbd7 12.h3 b4 13.Na4 Ne4 14.O-O Qa5 15.b3 Qb5 16.Qc2 Rfe8
17.Ne5 Nxe5 18.Bxe5 f6 19.Bh2 e5 20.Rfe1 Ra7 21.h4 exd4 22.exd4 Rae7 23.f3 f5  1/2-1/2

[Event "Timisoara"]
[Site "Timisoara"]
[Date "1987.??.??"]
[Round "?"]
[White "Gheorghiu, Florin"]
[Black "Kirov, Nino"]
[Result "1-0"]
[WhiteElo "2540"]
[BlackElo "2450"]

1.d4 d5 2.c4 c6 3.Nf3 Nf6 4.Qb3 e6 5.g3 Be7 6.Bg2 O-O 7.O-O b6 8.Nc3 Ba6
9.cxd5 cxd5 10.Ne5 Nfd7 11.Rd1 Nxe5 12.dxe5 Nd7 13.e4 d4 14.Rxd4 Qc7 15.Nb5 Bxb5
16.Qxb5 Rfd8 17.Bf4 Nc5 18.Rad1 Rxd4 19.Rxd4 Rd8 20.Be3 Rxd4 21.Bxd4 g6 22.b4 Nd7
23.Bf1 a6 24.Qxa6 Bxb4 25.Qa8+ Kg7 26.Qa4 Bc5 27.Bb5 Bxd4 28.Qxd4 Nc5 29.Kg2 Qa7
30.a4 Qa5 31.Kf1 Qa8 32.f3 Qa7 33.Qd2 h6 34.Kg2 Qa8 35.Qd6 Qa7 36.Kh3 Nb3
37.Qd7 Qxd7 38.Bxd7 Nd4 39.Kg2 Kf8 40.Bc8 Ke7 41.Ba6 Nc6 42.f4 Na7 43.Bb5 Nxb5
44.axb5 Kd8 45.Kh3 Ke8 46.Kg4 Kf8 47.h4 Kg8 48.h5 Kg7 49.Kh4 Kg8 50.g4 Kf8
51.g5 Kg7 52.hxg6 Kxg6 53.gxh6 Kxh6 54.Kg4 Kh7 55.Kg5 Kg7 56.f5  1-0

[Event "Timisoara"]
[Site "Timisoara"]
[Date "1987.??.??"]
[Round "?"]
[White "Gheorghiu, Florin"]
[Black "Tischbierek, Raj"]
[Result "1/2-1/2"]
[WhiteElo "2540"]
[BlackElo "2435"]

1.d4 d5 2.c4 c6 3.Nf3 Nf6 4.Qb3 dxc4 5.Qxc4 Bf5 6.g3 e6 7.Bg2 Be7 8.O-O O-O
9.Bg5 Nbd7 10.Nc3 h6 11.Bxf6 Nxf6 12.e3 a5 13.Qb3 Qc7 14.Ne5 Rfd8 15.Rac1 Bf8
16.a3 Bh7 17.Rfd1 Bd6 18.Nb5 Qe7 19.Nxd6 Rxd6 20.Nc4 Rdd8 21.Nb6 Ra7 22.Rc5 Nd5
23.e4 Nxb6 24.Qxb6 Ra6 25.Qb3 Bg6 26.Qc3 a4 27.Re1 Rb6 28.Rd1 e5 29.Rc4  1/2-1/2

[Event "Bad Woerishofen op"]
[Site "Bad Woerishofen"]
[Date "1988.??.??"]
[Round "7"]
[White "Dizdarevic, Emir"]
[Black "Cuijpers, Frans Andre"]
[Result "1/2-1/2"]
[WhiteElo "2485"]
[BlackElo "2420"]

1.c4 Nf6 2.Nf3 c6 3.d4 d5 4.Qc2 g6 5.Bf4 Bg7 6.e3 O-O 7.Nc3 Be6 8.cxd5 Nxd5
9.Be5 Bxe5 10.Nxe5 Nd7 11.Nf3 Qa5 12.Nd2 Rac8 13.Bc4 N7b6 14.Bxd5 Nxd5 15.O-O Nxc3
16.Nb3 Bxb3 17.axb3 Na2 18.Qb1 Rfd8 19.Qxa2 Qxa2 20.Rxa2 a6 21.b4 Rd5 22.Rc1 f6
23.Ra5 Rcd8 24.Kf1 R5d7 25.f4 Kf7 26.Ke2 Re8 27.Rf1  1/2-1/2

[Event "Baku"]
[Site "Baku"]
[Date "1988.??.??"]
[Round "?"]
[White "Savon, Vladimir A"]
[Black "Palatnik, Semon"]
[Result "0-1"]
[WhiteElo "2430"]
[BlackElo "2500"]

1.d4 d5 2.c4 c6 3.Nf3 Nf6 4.Qc2 Bg4 5.Ne5 e6 6.Qb3 Qb6 7.c5 Qxb3 8.axb3 Nbd7
9.Nxg4 Nxg4 10.e3 a6 11.b4 Rc8 12.f3 Ngf6 13.Nd2 g6 14.e4 dxe4 15.fxe4 e5
16.Nc4 exd4 17.Na5 Bg7 18.Nxb7 O-O 19.Bxa6 Ra8 20.Ra3 Nxe4 21.O-O f5 22.Bf4 Ne5
23.Bxe5 Bxe5 24.Bc4+ Kh8 25.Rxa8 Rxa8 26.Na5 Nd2 27.Rd1 Nxc4 28.Nxc4 Bf6
29.Na5 Rc8 30.Kf2 Kg7 31.Ke2 Kf7 32.Kd3 Ke6 33.Kc4 Kd7 34.Nb3 Rd8 35.b5 cxb5+
36.Kxb5 Rb8+ 37.Kc4 Kc7 38.Nxd4 Bxd4 39.Rxd4 Rxb2 40.Rh4 h5 41.g3 Kc6 42.Kd4 Rb4+
43.Ke5 Rxh4 44.gxh4 Kxc5 45.Kf6 f4 46.Kxg6 f3 47.Kxh5 f2  0-1

[Event "Belgrade (Women)"]
[Site "Belgrade"]
[Date "1988.??.??"]
[Round "1"]
[White "Eidelson, Rakhil"]
[Black "Micic, Snezana"]
[Result "1-0"]
[WhiteElo "2225"]
[BlackElo "2080"]

1.d4 d5 2.c4 c6 3.Nf3 Nf6 4.Qc2 dxc4 5.Qxc4 Bf5 6.Nc3 e6 7.g3 Nbd7 8.Qb3 Qb6
9.Qxb6 Nxb6 10.Bg2 Nbd5 11.Nh4 Nb4 12.O-O Nc2 13.Nxf5 exf5 14.Rb1 Nxd4 15.Re1 Be7
16.e3 Ne6 17.b4 a6 18.a4 O-O 19.b5 axb5 20.axb5 Rfd8 21.bxc6 bxc6 22.Rb6 Nd5
23.Nxd5 cxd5 24.Bb2 Rab8 25.Rxb8 Rxb8 26.Be5 Rd8 27.h4 Bf8 28.Bh3 g6 29.Bf6 Rd7
30.Rb1 d4 31.exd4 Nxd4 32.Kf1 Nc6 33.Bg2 Nd8 34.Rb8 Ne6 35.Bc6 Rd6 36.Ba4 Ra6
37.Bb3 Ra7 38.Rd8 Rb7 39.Bd5 Nc7 40.Rxf8+ Kxf8 41.Bxb7  1-0

[Event "Bern op"]
[Site "Bern"]
[Date "1988.??.??"]
[Round "?"]
[White "Dilcher"]
[Black "Cuijpers, Frans Andre"]
[Result "0-1"]
[WhiteElo "1980"]
[BlackElo "2420"]

1.d4 d5 2.c4 c6 3.Nf3 Nf6 4.g3 Bf5 5.Bg2 e6 6.O-O Nbd7 7.Nc3 Be7 8.Nh4 Bg6
9.Nxg6 hxg6 10.Re1 O-O 11.Qd3 Re8 12.b3 Qa5 13.Bb2 Rad8 14.a3 Qa6 15.Rad1 dxc4
16.Qxc4 Qxc4 17.bxc4 Nb6 18.c5 Nc4 19.Bc1 e5 20.e3 Bf8 21.Bf1 exd4 22.Nb1 Ne5
23.Kg2 Bxc5 24.exd4 Rxd4 25.Rxd4 Bxd4 26.Bg5 Neg4  0-1

[Event "Bern op"]
[Site "Bern"]
[Date "1988.??.??"]
[Round "?"]
[White "Gheorghiu, Florin"]
[Black "Cuijpers, Frans Andre"]
[Result "1/2-1/2"]
[WhiteElo "2535"]
[BlackElo "2420"]

1.d4 d5 2.c4 c6 3.Nf3 Nf6 4.Qb3 e6 5.g3 Be7 6.Bg2 O-O 7.O-O Nbd7 8.Nc3 Qb6
9.Qa4 a5 10.c5 Qa6 11.Qc2 b6 12.cxb6 Qxb6 13.Na4 Qb5 14.Bg5 h6 15.Bxf6 Bxf6
16.Rfc1 Ba6 17.e3 Rfc8 18.Bf1 Qb7 19.Bxa6 Qxa6 20.Qd2 Qb5 21.Nc5 Nxc5 22.Rxc5 Qb6
23.Rac1 Be7 24.R5c2 c5 25.b3 Rc7 26.Kg2 Rac8 27.Qe2 Qb7  1/2-1/2

[Event "Compack"]
[Site "Budapest"]
[Date "1988.??.??"]
[Round "?"]
[White "Wedberg, Tom"]
[Black "Barbero, Gerardo F"]
[Result "1/2-1/2"]
[WhiteElo "2510"]
[BlackElo "2505"]

1.d4 d5 2.c4 c6 3.Nf3 Nf6 4.Qc2 g6 5.Bf4 Bg7 6.e3 O-O 7.Nc3 Na6 8.Be2 c5
9.O-O cxd4 10.Nxd4 dxc4 11.Bxc4 Bd7 12.Rfd1 Rc8 13.Qe2 Qb6 14.Rac1 Nc5 15.Be5 Nce4
16.Nf3 Bg4 17.Nxe4 Nxe4 18.Bxg7 Kxg7 19.h3 Bxf3 20.Qxf3 Nf6 21.Bb3 Rfd8 22.Rxc8 Rxc8
23.Qf4 Qc7 24.Qxc7 Rxc7 25.f3 g5 26.Kf2 b6 27.Ke2 h6 28.Kd2 Ne8 29.h4 Rd7+
30.Ke2 Rxd1 31.Bxd1 gxh4 32.Kd3 Nd6 33.Kd4 Nf5+ 34.Ke4 Kf6 35.Bb3 Nd6+ 36.Kd5 Nf5
37.Ke4 Nd6+ 38.Kd5 Nf5 39.Ke4  1/2-1/2

[Event "Debrecen"]
[Site "Debrecen"]
[Date "1988.??.??"]
[Round "?"]
[White "Gavrikov, Viktor"]
[Black "Horvath, Csaba"]
[Result "1-0"]
[WhiteElo "2545"]
[BlackElo "2445"]

1.d4 d5 2.c4 c6 3.Nf3 Nf6 4.Qc2 g6 5.Bf4 Bg7 6.e3 O-O 7.Nc3 Qa5 8.a3 c5 9.dxc5 Nc6
10.Nd2 Bf5 11.Qc1 d4 12.Nb3 dxc3 13.Nxa5 Ne4 14.b4 Nxa5 15.bxa5 Nxc5 16.e4 Bxe4
17.Qe3 c2 18.Rc1 b6 19.f3 Bf5 20.g4 g5 21.gxf5 gxf4 22.Qxf4  1-0